[Event "Aeroflot Open 2017"]
[Site "Moscow"]
[Date "2017.02.27"]
[Round "7"]
[White "Kraemer, Martin"]
[Black "Tabatabaei, M amin"]
[Result "1/2-1/2"]
[WhiteElo "2571"]
[BlackElo "2507"]
[Annotator "TA"]
[PlyCount "119"]
[EventDate "2017.??.??"]

1. e4 e5 2. Nf3 Nc6 3. Bb5 a6 4. Ba4 Nf6 5. O-O b5 6. Bb3 Bb7 7. d3 Be7 8. a4
O-O 9. Re1 d6 10. Nbd2 Na5 11. Ba2 b4 12. Nc4 Nxc4 13. Bxc4 a5 14. c3 c5 {
LiveBook: 4 Games} 15. Qe2 Nd7 16. Be3 Kh8 17. Nd2 f5 18. f3 Nb6 19. Be6 Bh4 (
19... f4 $5 20. Bf2 $8 Bf6 $11) 20. Bf2 (20. exf5 Bxe1 21. Qxe1 Nd5 $17) 20...
f4 21. Nc4 {[#] Hoping for Bxh4.} Bxf2+ 22. Qxf2 Re8 23. Nxb6 Qxb6 24. Bd7 Reb8
25. d4 bxc3 26. bxc3 Bc6 (26... Ba6 $11) 27. dxc5 $14 dxc5 28. Bxc6 Qxc6 29.
Red1 Rd8 30. Qh4 Rxd1+ 31. Rxd1 $11 {Endgame KQR-KQR} Re8 32. Rd8 Qxa4 33. Qe7
Qa1+ 34. Kf2 {[#]} Qa2+ 35. Ke1 Rg8 36. Rxg8+ Qxg8 37. Qxc5 {KQ-KQ} Qd8 ({
Better is} 37... a4 $11) 38. c4 (38. Qd5 $1 $14 Qb8 39. Qxa5) 38... h6 {
The position is equal.} 39. Qxe5 a4 {aiming for ...a3.} 40. Qc3 (40. Qxf4 $2 a3
41. Qe5 a2 $19) 40... Qh4+ 41. Kf1 Qf6 (41... Qxh2 $6 42. c5 a3 43. Qxa3 Qh1+
44. Kf2 Qh4+ 45. Ke2 $18) 42. Qa3 Qa6 43. Qf8+ Kh7 44. Qf5+ (44. Qxf4 $2 a3 45.
Qf5+ Kg8 46. Qd5+ Kh8 47. Qd8+ Kh7 $19) 44... Kg8 (44... Kh8 $5 45. Qf8+ $8 Kh7
46. Qf5+ Kh8 47. Qf8+ $11) 45. Qd5+ (45. Qxf4 $2 a3 46. Qb8+ Kh7 $19) 45... Kh8
46. e5 a3 47. Qd8+ Kh7 48. Qd3+ Kg8 49. Qd8+ Kf7 (49... Kh7 $5 50. Qd3+ $8 Kh8
51. Qd8+ Kh7 $11) 50. Qd7+ Kg6 51. Qd3+ $1 Kg5 {Strongly threatening ...a2.}
52. g4 {Qf5+ would kill now.} Kh4 {...a2 is the strong threat.} 53. Kg2 {
Intending Qf5 and mate.} Qa5 $1 54. e6 a2 55. e7 Qe1 56. Qd4 $1 a1=Q ({Much
worse is} 56... Qxe7 $6 57. Qf2+ Kg5 58. Qxa2 $16) 57. Qxa1 Qe2+ $1 ({Worse is
} 57... Qxa1 58. e8=Q Qa2+ 59. Kg1 Qa1+ 60. Kf2 Qd4+ 61. Kg2 Qb2+ 62. Kf1 $18)
58. Kg1 {Threatens to win with Qc1.} Qe3+ ({Reject} 58... Qxe7 $6 59. Qa2 $16)
59. Kg2 {Black must now prevent Qf1.} Qe2+ 60. Kg1 1/2-1/2

[Event "Aeroflot Open 2017"]
[Site "Moscow"]
[Date "2017.02.27"]
[Round "7"]
[White "Svane, Rasmus"]
[Black "Sethuraman, S P."]
[Result "1/2-1/2"]
[WhiteElo "2570"]
[BlackElo "2623"]
[Annotator "TA"]
[PlyCount "144"]
[EventDate "2017.??.??"]

1. d4 e6 2. e4 d5 3. Nd2 Nf6 4. e5 Nfd7 5. Bd3 c5 6. c3 Nc6 7. Ne2 cxd4 8. cxd4
f6 9. exf6 Qxf6 10. O-O Bd6 11. Nf3 h6 12. Ng3 O-O 13. Bc2 Rf7 14. Re1 Nf8 15.
Nh5 Qd8 16. Ne5 {LiveBook: 7 Games} Bxe5 17. dxe5 Qb6 18. Nf4 {White is
slightly better.} Bd7 19. Nd3 Rc8 20. Be3 Qd8 21. Rc1 Ng6 22. Qh5 Nce7 (22...
Nf8 $16 {is a better defense.}) 23. Nc5 $18 (23. Bxa7 b6 24. Nb4 Nf4 $19) 23...
Nf4 {[#]} 24. Qg4 (24. Bh7+ $1 $18 Kf8 (24... Kxh7 25. Qxf7) 25. Qh4 (25. Nxb7
$2 Nxh5 26. Nxd8 Rxd8 $17) 25... Rxc5 26. Bxc5) 24... d4 $16 25. Bxf4 Rxc5 {[#]
} 26. Bh7+ $1 Kxh7 27. Rxc5 Qb6 28. Rc2 $1 Nc6 29. Bg3 Rf5 30. Qe4 Be8 31. Rd2
({Better is} 31. Rd1 $16) 31... Qa5 $14 32. Qe2 Qxa2 33. b4 Qd5 34. b5 Nb4 35.
Qg4 h5 (35... Qxb5 $6 36. Qxd4 a5 37. Qd6 $16) 36. Qe4 Bxb5 37. Qxd5 (37. Qxd4
$2 Qxd4 38. Rxd4 Nc2 $19) 37... Nxd5 38. Rxd4 a5 39. Rc1 Bc6 40. Rc5 a4 41. f3
Bd7 42. Rc7 Bc6 43. Rc8 Kg6 44. Rd8 Rf7 45. h4 Rc7 46. Be1 Bb5 47. g4 ({
White should try} 47. Ra8 $15) 47... Rc1 $17 48. Kf2 a3 49. gxh5+ Kf7 $2 (49...
Kh7 $1 $17 50. Rd2 Rb1) 50. Ra8 (50. Bb4 $1 $18 Nxb4 51. Rxb4) 50... Rc2+ $16 {
[#]} 51. Rd2 (51. Kg3 $1 $16) 51... Rxd2+ $14 52. Bxd2 {Endgame KRB-KBN} Ba6
53. Bc1 $1 Nb6 {[#]} ({Black should play} 53... a2 $14 54. Bb2 Nf4) 54. Rd8 $1
$16 Nc4 55. Be3 Nxe5 56. Bd4 (56. Bd2 $16) 56... Nc6 $1 $11 {The position is
equal.} 57. Rd7+ Ke8 58. Rxg7 Nxd4 59. h6 {White wants to mate with h7.} Bd3 $1
60. h7 {[#]} Bxh7 $1 61. Rxh7 {KR-KN} b5 {...Nc2 is the strong threat.} 62. h5
$1 {Hoping for Ra7.} Kf8 $1 {White must now prevent ...Nc2.} 63. h6 {Threatens
to win with Rd7.} Kg8 $1 64. Rb7 $1 Kh8 {And now ...Nc6 would win.} 65. Kg3 Nc6
66. Rb6 b4 67. Ra6 $1 (67. Rxc6 $2 a2 68. Ra6 b3 $19) 67... Kh7 68. Kf4 {
Strongly threatening Kg5.} ({Wrong is} 68. Rxc6 $2 a2 69. Ra6 b3 $19) 68...
Kxh6 69. Ke4 ({But not} 69. Rxc6 $2 b3 70. Rxe6+ Kg7 $19) 69... Kg5 70. Kd3 ({
Don't take} 70. Rxc6 $2 b3 71. f4+ Kf6 $19) 70... Ne5+ 71. Kd4 Nxf3+ 72. Kc4 e5
1/2-1/2

[Event "Aeroflot Open 2017"]
[Site "Moscow"]
[Date "2017.02.27"]
[Round "7"]
[White "Ghaem Maghami, Ehsan"]
[Black "Saric, Ivan"]
[Result "1-0"]
[WhiteElo "2566"]
[BlackElo "2648"]
[Annotator "TA"]
[PlyCount "99"]
[EventDate "2017.??.??"]

1. c4 g6 2. d4 Bg7 3. Nf3 Nf6 4. g3 O-O 5. Bg2 c5 6. O-O cxd4 7. Nxd4 d5 8.
cxd5 Nxd5 9. Nb5 a6 10. N5c3 Nxc3 11. Nxc3 Nc6 12. Be3 {LiveBook: 9 Games} Bf5
13. Qb3 Nd4 14. Qxb7 {The position is equal.} Rb8 15. Qxa6 Rxb2 16. Rad1 {
And now Qa3 would win.} e5 17. Kh1 Qd7 18. Rd2 Rbb8 19. f4 Bh3 20. fxe5 Bxg2+
21. Kxg2 Ra8 ({Black should try} 21... Bxe5 $14 22. Bxd4 Bxd4) 22. Qd6 $16 ({
Don't play} 22. Rxd4 $6 Qxd4 23. Qxa8 Qxe3 $14) 22... Qb7+ 23. Qd5 Qxd5+ 24.
Nxd5 Ne6 25. Nf6+ Bxf6 26. exf6 h5 27. Rb1 Ra5 28. Rb7 Rfa8 29. Rdd7 Re5 (29...
Rxa2 $142 30. Rxf7 Rxe2+ 31. Kf3 Rb2) 30. Kf2 $1 Rf5+ 31. Ke1 Rxf6 32. Ra7 $36
{Black is under strong pressure.} Re8 {[#]} (32... Rb8 $16 33. Rab7 Ra8) 33. a4
$1 $18 Rf5 34. a5 Re5 35. Kd2 (35. Bd2 $18 {has better winning chances.}) 35...
Ng7 $2 (35... Nc5 $16 36. Bxc5 Rxc5) 36. Rxf7 Nf5 {[#]} 37. Bb6 $1 Rxe2+ 38.
Kd3 R2e6 39. Rfd7 Re1 40. Kc4 Rc1+ 41. Kb5 Rh1 42. Rd2 Ng7 $2 (42... Rc8 43.
Ka6 Re1) 43. Rad7 Rb1+ 44. Ka6 Ra8+ 45. Ra7 Re8 46. Rdd7 Nf5 $2 (46... Ne6 47.
Re7 Kf8) 47. h3 {White is clearly winning.} Rb4 48. Rac7 g5 49. Rd5 Rf8 50. Bc5
1-0

[Event "Aeroflot Open 2017"]
[Site "Moscow"]
[Date "2017.02.27"]
[Round "7"]
[White "Idani, Pouya"]
[Black "Bindrich, Falko"]
[Result "1/2-1/2"]
[WhiteElo "2563"]
[BlackElo "2590"]
[Annotator "TA"]
[PlyCount "141"]
[EventDate "2017.??.??"]

1. e4 e5 2. Nf3 Nc6 3. Bb5 Nf6 4. d3 Bc5 5. c3 O-O 6. Bxc6 bxc6 7. Nxe5 d5 8.
d4 Bd6 {LiveBook: 6 Games} 9. Nxc6 Qe8 10. e5 Qxc6 11. O-O ({Don't play} 11.
exd6 Re8+ 12. Be3 Ng4 $17) 11... Ba6 12. Re1 $1 ({Reject} 12. exf6 Bxf1 13.
fxg7 Kxg7 14. Qxf1 Rfe8 $11) 12... Rfe8 13. exf6 Rxe1+ 14. Qxe1 Re8 {[#]} 15.
Be3 Bf4 16. Na3 Qxf6 17. Nc2 h5 18. Qd2 Bd6 19. Ne1 h4 20. h3 Re4 21. Nf3 Bc8 {
Black wants to play ...Bxh3!} 22. Ng5 Re7 23. Re1 (23. b3 $16) 23... Qf5 24. f4
(24. b3 $16) 24... f6 $1 $11 25. Nf3 Qh5 26. Bf2 Rxe1+ 27. Nxe1 Qh6 28. Be3 Bf5
29. Nf3 $36 {Black is under pressure.} Be4 30. Qf2 Qh5 (30... Bxf4 $11 31. Bxf4
Qxf4) 31. Nxh4 $14 g5 32. Nf3 $1 gxf4 33. Bd2 Kf7 34. Qf1 Qf5 35. Ne1 Bb1 36.
a4 Be4 37. b4 Ke7 38. Qe2 Kf7 39. a5 Qg6 40. Nf3 Bd3 41. Qf2 Be4 42. Nh2 Qf5
43. Qe2 Bd3 44. Qg4 Qxg4 45. hxg4 {Endgame KBB-KBN} Kg6 46. Nf3 c6 47. Kf2 a6
48. Kg1 Bc7 49. Kh2 Be2 50. Kh3 Bd1 51. Be1 Be2 52. Kh2 Bd1 53. Kg1 Bc2 54. Bh4
Be4 55. Kf2 Bd6 56. Nd2 Bc2 57. Nf3 Be4 58. Ke2 Bc7 59. Be1 Bd6 60. Bd2 Bc7 61.
Kf2 Bc2 62. Kg1 Bd1 63. Be1 Bc2 64. Kh2 Bd1 65. Kh3 Be2 66. Kh4 Bf1 67. Kh3 $1
Be2 68. Bd2 Bd1 69. Kh2 Be2 70. Kg1 Bd1 71. Be1 1/2-1/2

[Event "Aeroflot Open 2017"]
[Site "Moscow"]
[Date "2017.02.27"]
[Round "7"]
[White "Indjic, Aleksandar"]
[Black "Kulaots, Kaido"]
[Result "1-0"]
[WhiteElo "2560"]
[BlackElo "2590"]
[Annotator "TA"]
[PlyCount "89"]
[EventDate "2017.??.??"]

1. d4 Nf6 2. c4 g6 3. Nc3 d5 4. Nf3 Bg7 5. Qb3 dxc4 6. Qxc4 O-O 7. e4 a6 8. e5
b5 9. Qb3 Nfd7 10. e6 fxe6 11. Be3 Nf6 12. h4 {LiveBook: 5 Games} c5 (12... Nc6
$15) 13. dxc5 $14 Nc6 $1 14. Be2 {White has an edge.} Qc7 $1 15. Ng5 Qe5 (15...
Na5 $1 $11 {keeps the balance.} 16. Qc2 Nd5) 16. O-O-O {[#] Hoping for Bf3.}
Na5 17. Qa3 $36 {White is more active.} Nc4 (17... Nc6 $14 18. Bxb5 axb5 19.
Qxa8 Bd7) 18. Bxc4 $1 $16 bxc4 19. c6 Rb8 (19... h6 $16 {keeps fighting.}) 20.
Ba7 Nd5 {...Qf4+ is the strong threat.} 21. Bxb8 Qxb8 22. Nge4 (22. Nxd5 $6
exd5 23. Rxd5 Qb6 $16) 22... Nb4 23. h5 Nxc6 24. hxg6 hxg6 25. Qc5 (25. f3 $142
) 25... Ne5 26. Qxe7 {White wants to mate with Nf6+!} Nd3+ 27. Rxd3 $1 cxd3 28.
Qh4 (28. Kb1 $16) 28... Qf4+ 29. Qxf4 Rxf4 {[#]} 30. f3 $1 a5 31. Kd2 Bf8 32.
Kxd3 Be7 33. Ke3 Rf8 34. Rd1 Kg7 35. Nb5 Rh8 (35... Rd8 {is a better defense.}
36. Rc1 e5) 36. Rc1 $18 Bd8 (36... Rd8 $142 37. Rc7 Kf8) 37. Rxc8 Bb6+ 38. Rc5
$1 Rh2 ({Reject} 38... Bxc5+ 39. Nxc5 Rh2 40. Kf2 $18) 39. Nd4 Bxc5 40. Nxc5 e5
41. Nc6 Rxg2 42. Nd3 ({Less strong is} 42. Nxe5 Rxb2 43. a4 g5 $16) 42... a4
43. a3 ({But not} 43. Ncxe5 a3 $18) 43... Kf6 44. Ncxe5 Rc2 45. Nd7+ 1-0

[Event "Aeroflot Open 2017"]
[Site "Moscow"]
[Date "2017.02.27"]
[Round "7"]
[White "Donchenko, Alexander"]
[Black "Sandipan, Chanda"]
[Result "0-1"]
[WhiteElo "2553"]
[BlackElo "2573"]
[Annotator "TA"]
[PlyCount "98"]
[EventDate "2017.??.??"]

1. d4 f5 2. g3 Nf6 3. Bg2 {??.} g6 4. c4 Bg7 5. Nc3 d6 6. Nf3 O-O 7. O-O c6 8.
Re1 Ne4 9. Qc2 Nxc3 10. bxc3 e5 11. Qb3 e4 12. Nd2 c5 13. dxc5 dxc5 14. f3 Qf6
(14... Nc6 $1 $17 15. fxe4 f4) 15. Rb1 Qxc3 (15... e3 $1 $15 16. Nf1 f4) 16.
Qxc3 Bxc3 17. Rb3 Bg7 18. fxe4 Nc6 19. exf5 Nd4 (19... Bxf5 20. Bd5+ (20. Rxb7
Nb4 $16) 20... Kh8 21. Rxb7 $16) 20. Bxb7 Bxb7 21. Rxb7 {And now fxg6 would
win.} Rae8 (21... gxf5 22. Nf3 $16) 22. Bb2 (22. Rxa7 $2 Nxe2+ 23. Kg2 Nxc1 24.
Rxc1 Re2+ 25. Kh3 Rxd2 26. fxg6 hxg6 $19) 22... Rxf5 (22... Nxf5 $6 23. Bxg7
Nxg7 24. Rxa7 $16) (22... gxf5 $6 23. Nb3 (23. Rxa7 Ra8 24. Rxa8 Rxa8 $16)
23... Rf7 24. Rxf7 (24. Nxc5 Nf3+ 25. Kf2 Nxe1 26. Bxg7 Rxb7 27. Nxb7 Kxg7 $19)
24... Kxf7 25. Bxd4 (25. Nxc5 $2 Nf3+ 26. exf3 Rxe1+ 27. Kf2 Rh1 28. Bxg7 Kxg7
$19) 25... Bxd4+ 26. Nxd4 cxd4 27. Kf2 $16) 23. e4 Bh6 24. Bc3 Rf6 25. Kg2 Ref8
26. Rf1 {Strongly threatening Rxf6.} Be3 {aiming for ... Rxf1.} 27. Bxd4 Rf2+ (
27... Bxd4 $6 28. Rxf6 Rxf6 29. Nf3 $16) 28. Rxf2 Rxf2+ 29. Kh3 cxd4 $11 {
Endgame KRB-KRN} 30. Nb3 $2 (30. c5 $1 $11 {and White has nothing to worry.}
Bxd2 31. c6) 30... h5 $1 $19 ({Worse is} 30... Rxa2 31. c5 Rc2 32. Rd7 $11 (32.
Rxa7 h5 33. Rd7 g5 $11)) 31. Rb8+ ({But not} 31. Rxa7 d3 32. Ra8+ Kf7) 31...
Kf7 {Threatens to win with ...d3. Black has strong compensation.} 32. Rb7+ Kg8
(32... Ke8 $17 33. Rb8+ Ke7 34. Rb7+ Kf6) 33. Rb8+ $1 {[#]} (33. Rxa7 d3 34.
Ra8+ Kf7 $19) 33... Kh7 $1 34. Rb7+ Kh6 {...g5 is the strong threat.} 35. Rd7
$2 (35. Nc5) 35... Rxa2 36. c5 g5 37. g4 Ra3 (37... Bf4 $142 38. gxh5 Kxh5 39.
Rh7+ Kg6) 38. Rd6+ Kg7 39. Rd7+ $2 (39. gxh5 $17 Rxb3 40. Kg4) 39... Kh6 40.
Rd6+ {[#]} Kg7 (40... Kh7 $142 $1 41. gxh5 Rxb3) 41. Rd7+ Kf6 42. Rb7 $2 (42.
gxh5 Rxb3 43. Kg4) 42... h4 43. e5+ Kxe5 44. c6 {Intending c7 and mate.} Ra2 {
( -> ...Bg1)} 45. c7 Bf4 {Black mates.} 46. Rb5+ Kd6 47. c8=N+ Kd7 48. Nb6+
axb6 49. Nd2 Bxd2 (49... Rxd2 $142 50. Rd5+ Kc7 51. Rc5+ Kb7 52. Rc7+ Ka6 53.
Ra7+ Kb5 54. Ra5+ Kc4 55. Ra4+ Kd5 56. Ra5+ Ke4 57. Re5+ Kf3 58. Re3+ Kf2 59.
Rf3+ Ke2 60. Rf2+ Ke3 61. Rf3+ Ke4 62. Re3+ Kd5 63. Re2 Kc4 64. Rf2 d3 65.
Rxf4+ gxf4 66. g5 f3 67. Kg4 f2 68. Kh5 f1=Q 69. Kh6 Rg2 70. Kg6 d2 71. Kh6 Qf7
72. h3 d1=Q 73. g6 Rxg6#) 0-1

[Event "Aeroflot Open 2017"]
[Site "Moscow"]
[Date "2017.02.27"]
[Round "7"]
[White "Ramirez, Alejandro"]
[Black "Korobov, Anton"]
[Result "0-1"]
[WhiteElo "2549"]
[BlackElo "2691"]
[Annotator "TA"]
[PlyCount "82"]
[EventDate "2017.??.??"]

1. Nf3 d5 2. g3 c6 3. Bg2 Bf5 4. b3 Nf6 5. Bb2 Nbd7 6. d3 Qc7 7. O-O e5 8. Nbd2
{LiveBook: 3 Games} Bd6 9. Nh4 Bg4 10. h3 {The position is equal.} Be6 11. e4
O-O 12. Nf5 Bc5 13. Qe2 Rfe8 14. Kh1 a5 15. g4 {g5 would now be nice for White.
} h6 16. a4 Rad8 17. Rae1 Bb4 18. Rd1 b5 19. Nf3 bxa4 20. bxa4 Rb8 21. Rg1 Bf8
22. Bc3 Bxf5 23. gxf5 ({Wrong is} 23. exf5 $2 Bb4 24. Ba1 e4 $19) 23... dxe4 ({
Better is} 23... Bb4 $17 24. Bd2 Bxd2 25. Nxd2 Rb2) 24. dxe4 $15 Nc5 25. Nh2 (
25. Nd2 $1 $15) 25... Nxa4 $17 26. Ba1 Nc5 27. Ng4 Nxg4 28. Qxg4 Nd7 29. Bf1
Nf6 $36 {Keeping White busy.} 30. Qh4 {[#]} Kh7 {[#]} ({Black should try} 30...
Qe7 $1 $17 31. Bd3 Kh8) 31. Bc3 (31. f4 $1 $11) 31... Bb4 32. Qg3 Bf8 33. Qh4
Qe7 {aiming for ...Qc5.} 34. Bc4 $2 (34. Bxa5 $15 Qc5 35. Bd2 Qxc2 36. Bxh6
Qxe4+ 37. Qxe4 Nxe4 38. Be3) 34... Qc5 $19 35. Bxf7 {Strongly threatening Bd2.}
Qxc3 36. Bxe8 Qf3+ 37. Kh2 Rxe8 38. Rge1 Bc5 39. Kg1 Qc3 {Black is clearly
winning.} 40. Re2 a4 41. Rd3 (41. Kh2 $142 Qf3 42. Rdd2) 41... Qc4 0-1

[Event "Aeroflot Open 2017"]
[Site "Moscow"]
[Date "2017.02.27"]
[Round "7"]
[White "Xu, Yinglun"]
[Black "Alekseenko, Kirill"]
[Result "1-0"]
[WhiteElo "2540"]
[BlackElo "2588"]
[Annotator "TA"]
[PlyCount "63"]
[EventDate "2017.??.??"]

1. Nf3 Nf6 2. c4 c5 3. Nc3 d5 4. cxd5 Nxd5 5. d4 Nxc3 6. bxc3 g6 7. e3 Bg7 8.
Bb5+ Bd7 9. Bd3 O-O 10. O-O Bc6 {LiveBook: 3 Games} 11. Rb1 Qa5 12. Qb3 Nd7 {
The position is equal.} 13. e4 Rac8 14. d5 Ba4 15. Qa3 (15. Qxb7 $2 Rb8 16. c4
Rxb7 $19) 15... Bxc3 (15... Qxc3 $2 16. Qxa4 (16. Rxb7 c4 17. Qxc3 Bxc3 $14)
16... Qxd3 17. Rb3 $18 (17. Rxb7 Ne5 $14)) (15... c4 $1 $11 16. Bc2 Nc5) 16.
Bh6 $14 c4 {[#]} 17. Be2 $1 $36 {Black is under strong pressure.} ({Don't
capture} 17. Qxe7 $2 Rfe8 18. Qa3 cxd3 $19) ({Of course not} 17. Bxf8 $6 Kxf8
18. Be2 b5 $11) 17... Rfe8 (17... b5 $16) 18. Rfc1 $18 ({Don't take} 18. Rxb7
$6 Nc5 19. Rxa7 Qxa7 $14) 18... Bf6 19. Rxb7 Nb6 {Black wants to play ...Qa6.}
20. Bd1 {aiming for Rxb6!} c3 {[#]} (20... Rb8 $16 21. Bd2 Qa6 22. Rxb6 axb6)
21. Rxb6 $1 c2 (21... Qxb6 22. Qxa4) 22. Rxc2 axb6 23. Rxc8 Rxc8 24. Qxa4 Qxa4
25. Bxa4 Rc4 26. Bb3 Rxe4 27. Kf1 Bc3 28. Be3 Rb4 29. Ke2 Kf8 30. Kd3 Bf6 31.
Bd4 Rb5 (31... Rxd4+ $142 32. Nxd4 Be5) 32. Kc4 1-0

[Event "Aeroflot Open 2017"]
[Site "Moscow"]
[Date "2017.02.27"]
[Round "7"]
[White "Gabrielian, Artur"]
[Black "Adhiban, B."]
[Result "1-0"]
[WhiteElo "2532"]
[BlackElo "2682"]
[Annotator "TA"]
[PlyCount "78"]
[EventDate "2017.??.??"]

1. e4 c5 2. Nf3 Nc6 3. d4 cxd4 4. Nxd4 e5 5. Nb5 d6 6. N1c3 a6 7. Na3 b5 8. Nd5
Nge7 9. c4 Nd4 10. Be3 {LiveBook: 112 Games} Nxd5 11. exd5 ({Worse is} 11. Bxd4
Qa5+ 12. Qd2 Qxd2+ 13. Kxd2 Nf6 $17) 11... Nf5 12. cxb5 {The position is equal.
} Nxe3 13. fxe3 Qh4+ 14. g3 Qe4 15. Qc2 Qxe3+ 16. Be2 {And now Qc6+ would win.}
Bd7 {Hoping for ...axb5.} 17. bxa6 Be7 18. Qd2 Qe4 19. O-O O-O 20. Nc4 (20. Rf2
$11 {keeps the balance.}) 20... Rxa6 21. Qd3 Qxd3 22. Bxd3 {next Nxe5! is good
for White.} Ra7 23. b4 Rb8 24. a3 Bb5 {Strongly threatening ...e4!} 25. Rfc1
Rba8 (25... Bg5 $17 26. Rc2 g6) 26. Bf1 {With the idea Nb6.} Bxc4 27. Rxc4 ({
Don't play} 27. Bxc4 Bg5 28. Rc2 Be3+ 29. Kg2 Bd4 $17) 27... Rxa3 $2 (27... g6
$15 {stays ahead.}) 28. Rxa3 $18 Rxa3 $11 {Endgame KRB-KRB} 29. Rc8+ Bf8 30. b5
Rb3 {[#]} 31. Rb8 $1 e4 {[#]} 32. b6 $1 e3 {Threatening ...Rb1.} 33. b7 f5 34.
Ba6 {White is clearly winning.} Kf7 35. Kf1 Be7 36. Rc8 Rb1+ 37. Ke2 Rb2+ 38.
Kxe3 Bg5+ 39. Kd3 Rb3+ 1-0

[Event "Aeroflot Open 2017"]
[Site "Moscow"]
[Date "2017.02.27"]
[Round "7"]
[White "Sunilduth Lyna, Narayanan"]
[Black "Kamsky, Gata"]
[Result "1/2-1/2"]
[WhiteElo "2524"]
[BlackElo "2669"]
[Annotator "TA"]
[PlyCount "106"]
[EventDate "2017.??.??"]

1. d4 Nf6 2. c4 e6 3. Nf3 b6 4. g3 a5 5. Bg2 Bb4+ 6. Bd2 Ba6 7. Ne5 Ra7 8. O-O
O-O 9. Bxb4 axb4 {LiveBook: 10 Games} 10. Nd2 d6 11. Nd3 c5 12. a3 bxa3 13.
Rxa3 Rd7 ({Much weaker is} 13... cxd4 $6 14. Nb4 $16) 14. b4 cxd4 15. Qa1 Bb7
16. Qxd4 Bxg2 17. Kxg2 Nc6 18. Qb2 h5 19. Rfa1 Qb8 20. Kg1 Rc8 21. R1a2 Rdd8
22. c5 {Black must now prevent b5.} dxc5 23. bxc5 bxc5 24. Qxb8 Nxb8 25. Rc3
Nbd7 26. Rc1 Rc6 27. Rac2 Rdc8 28. Nb3 Ne4 29. Nd4 R6c7 30. Nb5 $1 Rb7 31. Na3
Ra7 32. Nc4 Nef6 33. Nd2 Rac7 34. Nc4 Kf8 35. Nd6 Rd8 36. Nb5 Rb7 37. Nd6 Rbb8
38. Nc4 Rdc8 39. f3 Ke7 40. Kf2 Rc7 41. e4 g5 42. Ne3 Rb5 43. h4 gxh4 44. gxh4
{The position is equal.} Ra7 45. Ke2 Rc7 46. Kf2 Nh7 47. Nc4 Nhf8 48. Nf4 Rb3
49. Nd2 Rb8 50. Nc4 Rb3 51. Nd2 Ra3 52. Nc4 Ra4 53. Nxh5 Ng6 1/2-1/2

[Event "Aeroflot Open 2017"]
[Site "Moscow"]
[Date "2017.02.27"]
[Round "7"]
[White "Puranik, Abhimanyu"]
[Black "Blomqvist, Erik"]
[Result "0-1"]
[WhiteElo "2481"]
[BlackElo "2573"]
[Annotator "TA"]
[PlyCount "68"]
[EventDate "2017.??.??"]

1. b3 g6 2. Bb2 Nf6 3. Bxf6 {??.} exf6 4. c4 b6 5. e3 Bb7 6. Nc3 f5 7. Nge2 h5
8. Nf4 h4 9. Be2 h3 10. Bf3 hxg2 11. Bxg2 Bxg2 12. Nxg2 Bg7 (12... c6 $15) 13.
Rc1 Nc6 14. d4 Qg5 15. Kf1 O-O-O 16. c5 {[#]} ({White should play} 16. Nd5 $11)
16... Kb7 (16... f4 $1 $15 17. Nxf4 (17. exf4 Qf5) 17... Bxd4) 17. d5 Bxc3 18.
Rxc3 (18. cxb6 $1 $11 Qf6 19. bxc7 (19. dxc6+ dxc6 20. Qc2 Ba5 $17) 19... Kxc7
20. Qe2) 18... Ne5 $17 19. cxb6 cxb6 20. d6 {next Rc7+ is good for White.} Nc6
$36 {Black has strong initiative.} 21. Nf4 Qf6 22. Rc4 g5 23. Nd3 Rh6 (23...
Rh3 $142 24. Nb4 f4 25. exf4 gxf4) 24. Qf3 Re8 25. h3 (25. Nb4 $142 Qxd6 26. h4
) 25... Re6 ({Resist} 25... Qxd6 26. Rd4 Qe6 27. Rd5 $15) 26. Kg2 Rxd6 27. Rd1
Qe6 $1 28. Qg3 {[#]} (28. Kg1 $142) 28... Rg6 (28... Ne5 $1 $19 29. Nxe5 Rxd1
30. Qf3+ Qd5 31. Qxd5+ Rxd5 32. Nxf7 Rg6) 29. Kh2 {[#]} (29. Qf3 $17 {was
called for.}) 29... Rd5 $1 $19 30. Rc3 Qd6 31. Kg2 g4 {White must now prevent .
..gxh3+.} 32. h4 Ne5 33. e4 {[#]} f4 $1 34. Nxe5 $2 (34. Qxf4 Rxd3 35. Rcxd3
Nxd3 36. Qxd6 Rxd6 37. Kg3) (34. Nxf4 Rxd1) 34... Qxe5 0-1

[Event "Aeroflot Open 2017"]
[Site "Moscow"]
[Date "2017.02.27"]
[Round "7"]
[White "Narayanan, Srinath"]
[Black "Alekseev, Evgeny"]
[Result "1/2-1/2"]
[WhiteElo "2474"]
[BlackElo "2632"]
[Annotator "TA"]
[PlyCount "80"]
[EventDate "2017.??.??"]

1. e4 e5 2. Nf3 Nc6 3. d4 exd4 4. Nxd4 Nf6 5. Nc3 Bb4 6. Nxc6 bxc6 7. Bd3 O-O
8. O-O d5 9. exd5 cxd5 10. h3 c6 11. Qf3 Re8 12. Bg5 h6 13. Bxf6 Qxf6 14. Qxf6
gxf6 {LiveBook: 14 Games} 15. Ne2 {The position is equal.} Rb8 16. Rab1 c5 17.
Ng3 c4 18. Bf5 Be6 19. Bg4 Kf8 20. Rfd1 Bd6 21. Nf5 Be5 {[#] ...h5 is the
strong threat.} 22. Nd4 Rb6 23. b3 Reb8 24. g3 Ra6 25. Nxe6+ fxe6 26. bxc4 Rxb1
27. Rxb1 dxc4 $11 {Endgame KRB-KRB} 28. Rb4 Rxa2 29. Rxc4 Ke7 30. Re4 Ra5 {
[#] Strongly threatening ...f5.} 31. f4 f5 32. Bxf5 ({Don't go for} 32. Rxe5 $2
Rxe5 33. Bh5 Rc5 $19) 32... exf5 {KRB-KR} 33. Re3 $1 ({Wrong is} 33. Rxe5+ $2
Rxe5 34. Kf2 Rb5 $19) 33... Rc5 34. fxe5 {KR-KR} ({But not} 34. Rxe5+ $2 Rxe5
35. fxe5 a5 $19) 34... a5 35. Ra3 Ke6 36. c3 Kxe5 37. Kf2 Kd5 38. Ra4 Ke5 39.
Ke2 Rxc3 40. Rxa5+ Kf6 1/2-1/2

[Event "Aeroflot Open 2017"]
[Site "Moscow"]
[Date "2017.02.27"]
[Round "7"]
[White "Debashis, Das"]
[Black "Karthikeyan, Murali"]
[Result "1/2-1/2"]
[WhiteElo "2472"]
[BlackElo "2578"]
[Annotator "TA"]
[PlyCount "81"]
[EventDate "2017.??.??"]

1. d4 Nf6 2. c4 g6 3. Nc3 Bg7 4. e4 d6 5. Be2 O-O 6. Be3 e5 7. d5 a5 8. h4 Na6
9. g4 Nc5 10. f3 h5 11. g5 Nh7 {LiveBook: 6 Games} 12. Nh3 Bxh3 13. Rxh3 f6 {
White is better.} 14. gxf6 Rxf6 15. Qd2 a4 16. O-O-O Rf4 17. Rdh1 Nf8 18. Bd1
Bf6 19. Qh2 c6 20. Kb1 (20. Bxf4 $6 exf4 21. Qd2 Qa5 $14) 20... a3 21. b3 $1 (
21. Bxf4 exf4 22. b3 Bxc3 23. Qxf4 cxd5 24. cxd5 Nd3 $19) 21... Bg7 22. Qd2 Kh7
23. Be2 cxd5 (23... Qa5 $16 24. Rg1 Rf6) 24. Nxd5 (24. cxd5 $18 {has better
winning chances.} Rf7 25. Nb5) 24... Rf7 25. Rg3 Nce6 26. Bd3 Nf4 $1 27. Rhg1 (
27. Nxf4 $2 exf4 28. Bxf4 Qf6 $19) 27... Qxh4 {[#]} (27... Nxd3 $2 28. Bg5 (28.
Qxd3 Qe8 29. Qe2 Qe6 $18) 28... Qd7 29. Qxd3 $18) (27... Bh6 $1 $11 {remains
equal.}) 28. Bxf4 $1 $16 exf4 {[#]} 29. Rxg6 $1 Nxg6 {[#]} 30. e5 $1 Kh8 (30...
dxe5 31. Bxg6+) 31. Bxg6 Re7 $2 (31... Rff8 $16) 32. Nxe7 $18 Qxe7 33. Rh1 (33.
Qxf4 Rf8 34. Qh2 Qxe5 35. Qxh5+ Qxh5 36. Bxh5 Be5 $16) (33. exd6 Qf6 34. Kc1
Rg8 $11) (33. Qxd6 Qxe5 34. Qxe5 Bxe5 $16) 33... h4 $2 (33... dxe5 $2 34. Rxh5+
Kg8 35. Qd5+ Kf8 36. Bh7 $18) (33... Bxe5 34. Rxh5+ Kg8) 34. Qxf4 {White
threatens Bf7 and mate.} Bxe5 35. Qh6+ ({Not} 35. Qxh4+ Qxh4 36. Rxh4+ Kg7 $18)
35... Kg8 36. Be4 $2 $40 {Black is in trouble.} ({Less strong is} 36. Qxh4 Qxh4
37. Rxh4 Rb8 $16) (36. Rxh4 $18 {White wants to mate with Bh7+.} Qg7 37. Qh5)
36... Bg7 $16 37. Qxh4 (37. Bd5+ $16 Kf8 38. Qf4+ (38. Qxh4 $2 Qe5 39. Kc1 Re8
$19) 38... Qf6 39. Rxh4) 37... Qe5 $14 {White is slightly better.} 38. Qh7+ Kf8
39. Qf5+ Qxf5 40. Bxf5 Ra5 41. Be4 1/2-1/2